000 00499nam a2200181 4500
003 SEACOMMC
005 20250509132532.0
008 250329b |||||||| |||| 00| 0 eng d
020 _a 978-93-0673-07-3
_cRs.230.00
040 _aSEACOMMC
082 _a510.02465
_bP 153
100 _a Pal,B.K
245 1 _aBBA mathematics : Vol.II for 1st year 2nd Semester /
_cB.K. Pal [and] K. Das
260 _a Kolkata
_b U.N.Dhar & Sons
_c 2009
300 _aVol.2
650 _aMathematics
942 _cBOOK
999 _c1161
_d1161